000 00955nam a2200253Ia 4500
003 OSt
005 20220923213528.0
006 a|||||r|||| 00| 0
007 ta
008 220922b |||||||| |||| 00| 0 hin d
024 _a162,602
037 _cTextual
040 _aARTS
_cARTS
_bhin
041 _2hin
_ahin
082 _aO152,3M80:g, L2
100 _aगुप्त, शीला; वार्ष्णेय, लक्ष्मी सागर
_9163067
245 0 _aप्रेमचंद और उनका साहित्य
246 _aPremachanda aur unakā sāhitya
260 _aइलाहाबाद
_b साहित्य भवन
_c1972
300 _a311 पृ.
_ccm.
650 _aहिन्दी साहित्य
_9156264
942 _hO152,3M80:g, L2
_cTEXL
_2CC
999 _c317082
_d317082